Capitales Mundiales por una sola Pista #2 - Estadísticas

Estadísticas generales
  • Esta prueba ha sido intentada 3.727 veces
  • La puntuación promedio es 9 de 20
Estadísticas de respuestas
País Pista Ciudad % Correcto
Alemania Dividido por un muro hasta el 1989 Berlín
100%
España Hogar del club de fútbol más exitoso de Europa Madrid
93%
Perú Fundado por Francisco Pizarro en 1535 Lima
68%
Irlanda De donde la cerveza Guinness viene Dublín
65%
Venezuela Lugar de muchas protestas contra Nicolás Maduro Caracas
64%
Egipto Segunda área metro más poblada en África El Cairo
56%
Chile Se encuentra a 120 kilómetros al interior de la ciudad portuaria de Valparaíso Santiago
53%
Dinamarca Hans Christian Andersen vivió aquí Copenhague
48%
Singapur Ciudad-estado con una población de 5.6 millones de habitantes Singapur
47%
Nepal Escaladores del Everest usualmente viajan a esta ciudad Katmandú
46%
Mongolia Esta capital asiática es la capital más fría del mundo Ulán Bator
43%
Mónaco Tiene el mayor número de multimillonarios per cápita que cualquier otra capital Mónaco
39%
Países Bajos La bolsa de valores más antigua del mundo se fundó aquí en 1602 Ámsterdam
29%
Siria Capital del Califato Omeya desde el 661 hasta el 750 Damasco
27%
Uganda Localizado en la costa norte del lago Victoria Kampala
23%
Filipinas Su área metro incluye Ciudad Quezón Manila
19%
Estados Unidos Basado en un diseño del 1791 por el arquitecto francés Charles L'Enfant Washington D.C.
18%
Israel Esta capital asiática solo tiene dos embajadas: una de EE. UU. y otra de Guatemala Jerusalén
13%
Canadá Su nombre viene del lenguaje algonquino Ottawa
13%
Panamá Limitó territorio de EE. UU. desde el 1903 hasta 1979 Ciudad de Panamá
9%
No se encontraron pruebas coincidentes
Distribución de puntuación
Porcentaje de gente con cada puntuación
Porcentaje por número respondido
Historial de tus puntuaciones
No has intentado esta prueba.